| 000 | 00740nam a2200193 a 4500 | ||
|---|---|---|---|
| 001 | 000041088 | ||
| 005 | 20201002034617.0 | ||
| 008 | 130930s2000 sp 000 0 spa d | ||
| 020 | _a8400079884 | ||
| 040 |
_aDO-SdBNP _bspa _cBNPHU |
||
| 100 | 1 |
_aAquilar Gutiérrez, Miguel _967486 |
|
| 245 | 1 | 0 |
_aBiomecánica : _bla física y la fisiología / _cMiguel Aguilar Gutierrez. |
| 260 |
_aMadrid : _bConsejo Superior de Investigaciones Científicas _bInstituto de de Ciencia de Materiales, _c2000. |
||
| 300 |
_a429 p. : _bil., gráf. ; _c28 cm. |
||
| 490 | 1 |
_aTextos universitarios _v30 |
|
| 504 | _aBibliografía : p. 413- 429 | ||
| 710 | 2 |
_aConsejo Superior de Investigaciones Científicas _94786 |
|
| 830 | 0 |
_aTextos universitarios ; _n30 _967487 |
|
| 999 |
_c40578 _d40578 |
||